000 00453nam a2200181Ia 4500
008 170705s9999 xx 000 0 und d
020 _a9780516234779
245 _aWhat if the polar ice caps melted /
245 _cKatherine Friedman.
260 _aNew York :
260 _bChildren's Press,
260 _c2002
300 _a48 pages :
300 _bcolor illustration ;
300 _c22cm.
440 _aHigh interest books.
500 _a830
999 _c336479
_d336479